000 00584nam a2200169Ia 4500
003 GCL
008 140319s9999 xx 000 0 ara d
040 _aGCL /
_cGCL
082 0 4 _a818
_bس ج
100 1 _aسيد صديق عبدالفتاح
245 1 0 _aجمال العيون واسرارها:فى الدين و اللغة و الادب /
_cسيد صديق عبدالفتاح
260 _a[S.N] :
_bالدار المصرية اللبنانية ،
_c1990
300 _a279 ص
490 _aالدار المصرية
_v0
650 0 4 _aالعين فى الادب
942 _2ddc
_cBK
999 _c53309
_d53309